| 000 | 01597nam0a2200361 4500 | ||
|---|---|---|---|
| 001 | RU\NLR\bibl\1369285 | ||
| 005 | 20250615190209.0 | ||
| 010 |
_a978-5-7731-0216-8 _9500 |
||
| 021 |
_aRU _b2009-22804 _91349 |
||
| 035 | _a(nilc)RSL-KNO-004268682 | ||
| 035 | _a(NLR Aleph) 001361422 | ||
| 090 |
_a983667 _c983667 |
||
| 100 | _a20090318d2008 |||y0rusy50 ca | ||
| 101 | 0 | _arus | |
| 102 | _aRU | ||
| 105 | _aa ||||||||| | ||
| 200 | 1 |
_aМетоды оценки состояния прогнозирования развития чрезвычайных ситуаций, риска и ущерба от техногенных воздействий и экологических факторов _fП.С. Куприенко _gГОУ ВПО "Воронеж. гос. техн. ун-т" |
|
| 210 |
_aВоронеж _cГОУ ВПО "Воронежский государственный технический университет" _d2008 |
||
| 215 |
_a204 с. _cил., карт. _d20 |
||
| 320 | _aБиблиогр.: с. 192-204 (153 назв.) | ||
| 606 | 1 |
_aЧрезвычайные ситуации _xПрогнозирование _yРоссийская Федерация _92358867 _3RU\NLR\auth\661408761 |
|
| 686 |
_aЖ820.3-1с,07 _2rubbk |
||
| 686 | _aЦ69,6(2Р)0 | ||
| 686 | _aУ28(2)1 | ||
| 700 | 1 |
_aКуприенко _bП. С. _gПавел Сергеевич _4070 |
|
| 801 | 0 |
_aRU _bРГБ _c20090318 _grcr |
|
| 801 | 1 |
_aRU _bРГБ _c20090318 |
|
| 801 | 2 |
_aRU _bNLR _c20090515 _grcr |
|
| 830 | _aавт. по кн. | ||
| 942 | _cBOOK | ||
| 980 | _aNB | ||
| 980 | _aNBR | ||